| 000 | 00000nas##2200000za#4500 |
|---|---|
| 001 | 9.503869 |
| 003 | CaOODSP |
| 005 | 20210125140347 |
| 007 | cr ||||||||||| |
| 008 | 150406c2013||||xxc|| m o||||f| |0fre|d |
| 040 | |aCaOODSP|bfre |
| 043 | |an-cn--- |
| 086 | 1 |aCC174-3F-PDF |
| 110 | 2 |aCommission canadienne de sûreté nucléaire. |
| 245 | 10|aDocument d'application de la réglementation |h[ressource électronique] |
| 260 | |aOttawa - Ontario : |bCommission canadienne de sûreté nucléaire |
| 310 | |aIrrégulier |
| 775 | 08|tRegulatory document |w(CaOODSP)9.507478 |